00171nam a2200073Ia 4500008004100000082000800041100001700049245003100066240331s9999 xx 000 0 und d bPON aPonnambalm,M 0aKavidayil thudikkum kaalam